| 000 | 00875cam a2200277 4500 | ||
|---|---|---|---|
| 999 |
_c7420 _d7420 |
||
| 001 | 7420 | ||
| 003 | BD-JhCC | ||
| 005 | 20180418174553.0 | ||
| 008 | 710402s1969 ii b 001 0 eng | ||
| 035 | _a(BD-JhCC)7420 | ||
| 040 |
_aDLC _cDLC _dDLC _d(BD-JhCC) |
||
| 041 | _aeng | ||
| 050 | 0 | 0 |
_aDS427 _b.R37 |
| 082 | 0 | 0 |
_a954.02 _219 _bRAS 1969 |
| 100 | 1 |
_aRashid, A., _cPh.D. |
|
| 245 | 1 | 0 |
_aSociety and culture in medieval India, 1206-1556 A.D. / _c[by] A. Rashid. |
| 250 | _a[1st ed.] | ||
| 260 |
_aCalcutta, _bFirma K. L. Mukhopadhyay, _c1969. |
||
| 300 |
_aix, 288 p. _c22 cm. |
||
| 350 | _a15.00 | ||
| 500 | _a"Substantially based on a thesis approved for the degree of Ph.D. at the University of Patna." | ||
| 504 | _aIncludes bibliographical references. | ||
| 504 | _aBibliography: p. [261]-274. | ||
| 651 | 0 |
_aIndia _xCivilization _y1200-1765. |
|
| 942 |
_2ddc _cBK |
||